00906cam a22002177a 450000100100000000500170001000800410002701000150006804000250008308200200010810000430012824500930017126000490026430000200031358600260033365000360035965000370039595201230043295201180055599900150067300000861320200929161355.0021021s2002 mx 000 0 spa  a2002527195 aDO-SdBNPbspacBNPHU aPR861.44bP293c1 aPastoriza Iyodo, Benito.d1954-92304210aCartas a la sombra de tu piel /cBenito Pastoriza Iyodo ; prólogo por Rose Mary Salum. aMéxico :bEditorial Tierra Firme,c[2002]. a80 p. ;c21 cm. aPremio voces selectas 4aPoesía puertorriqueña91015 4aLiteratura puertorriqueña9250 001052708MOaGRbGRcCTd2009-09-17iLF1l0oPR861.44 P293cp8613-10r2020-06-25w2020-06-25y2ZPréstamo interno 0010507-18MOaPDbPDcOId2017-05-26iLF1l0oPR861.44 P293cp8613-20r2020-06-25w2020-06-25y1ZNo se presta c8383d8383